000 00272nam a22001217a 4500
020 _a0-534-06204-0
082 _a621.4022 JAN
100 _aJANNA WILLIAM S'
_925784
245 _aENGINEERING HEAT TRANSFER
260 _aBOSTON
_bPWS
_c1986
300 _a769P
942 _cBK
999 _c584282
_d584282